000 00338nam a2200121Ia 4500
005 20260326100030.0
008 260326s9999||||xx |||||||||||||| ||und||
100 _aCavatrunci, Claudio
245 0 _aCentro America. Tesori d Arte delle Civiltá Precolombiane /
_cClaudio Cavatrunci
260 _bFabri Editori
650 _aARTE
942 _cBK
999 _c6572
_d6572